000 01183nkm a2200277 i 4500
001 4410
003 ES-MaACL
005 20250713063034.0
007 khrbo
008 070711s1988 sp --- g |001||spa d
100 0 _aAlfonso,
_d1902-1990
_919858
245 1 0 _aHomenaje a los presidentes del poder ejecutivo de la I República [
_hFotografía] /
_cAlfonso (sello).
260 _a[S.l. :
_bs.n.],
_c1988.
300 _a2 fot. :
_bb. y n. ;
_c12 x 18 cm.
500 _aDatos basados en invitación.
505 8 _aConferencia: "Estanislao Figueras y Moragas" por Nicolás Santana Hernández
511 0 _aInterviene: Nicolás Santana Hernández.
518 _aActo organizado por el Ateneo de Madrid, celebrado en el salón de actos el jueves, 1 de septiembre de 1988, a las 20:00 h.
600 1 4 _aSantana Hernández, Nicolás.
_9103330
600 1 4 _aFigueras y Moragas, Estanislao.
_950768
610 2 4 _aAteneo de Madrid-
_xActos culturales-
_y1988-
_vFotografías.
_91903
710 2 _aAteneo de Madrid.
_91875
852 _aES-MaACL
_jFOT 224/1988
856 4 _uhttp://www.ateneodemadrid.net/biblioteca_digital/imagenes/1988/0224-1988.jpg
_zVer imagen
999 _c4410
_d4410